000 01062 a2200241 4500
005 20260225171737.0
008 260225b |||||||| |||| 00| 0 eng d
020 _a9789357759137 (hbk)
037 _cTB
040 _aCRL
_cCRL
041 _2hin
_ahin
084 _aO152,1N276x R4
_qCRL
100 _aनारायण, कुँवर
_9860616
245 _aआत्मजयी:
_bनचिकेता प्रसंग पर आधारित
250 _a12वाँ संस्करण
260 _aनयी दिल्ली, भारत:
_bभारतीय ज्ञानपीठ,
_c2024.
300 _a124पृ.
365 _b325.00
_cINR
650 _aहिन्दी कविता
650 _aहिन्दी साहित्य
942 _cTB
_2CC
_e12वाँ संस्करण
_hO152,1N276x R4
999 _c1466680
_d1466680